Les XI's des vainqueurs de l'euro #1 - Statistiques

Statistiques générales
  • Ce quiz a été pris 148 fois
  • Le résultat moyen est 38 sur 72
Statistiques - réponses
Equipes Postes Joueurs % Correct
- Attaquant Lamine Yamal
94%
- Gardien Gianluigi Donnarumma
87%
- Attaquant Cristiano Ronaldo
85%
- Attaquant Nico Williams
85%
- Défenseur Aymeric Laporte
82%
- Gardien Unai Simon
80%
- Attaquant Alvaro Morata
79%
- Attaquant Andres Iniesta
79%
- Milieu Andres Iniesta
79%
- Milieu Dani Olmo
79%
- Gardien Iker Casillas
79%
- Gardien Iker Casillas
79%
- Défenseur Pepe
79%
- Milieu Xavi
79%
- Milieu Xavi
79%
- Milieu Rodri
78%
- Défenseur Carles Puyol
77%
- Défenseur Carles Puyol
77%
- Défenseur Giorgio Chiellini
77%
- Défenseur Robin Le Normand
77%
- Défenseur Sergio Ramos
77%
- Défenseur Leonardo Bonucci
76%
- Attaquant Frederico Chiesa
75%
- Défenseur Gerard Pique
75%
- Attaquant Fernando Torres
74%
- Milieu Adrien Silva
73%
- Attaquant David Silva
73%
- Milieu David Silva
73%
- Milieu Sergio Busquets
73%
- Défenseur Marc Cucurella
70%
- Gardien Rui Patricio
70%
- Défenseur Jordi Alba
68%
- Attaquant Ciro Immobile
66%
- Milieu Fabian Ruiz
66%
- Milieu Nicollo Barella
66%
- Milieu Xabi Alonso
65%
- Attaquant Nani
64%
- Milieu Jorginho
62%
Espagne 2012 Entraineur Vicente Del Bosque
62%
- Milieu Marco Verratti
59%
- Milieu Cesc Fabregas
56%
- Milieu Cesc Fabregas
56%
- Défenseur Joan Capdevilla
55%
- Défenseur Giovanni Di Lorenzo
53%
- Milieu Renato Sanches
52%
- Défenseur José Fonte
51%
Espagne 2024 Entraineur Luis De la Fuente
51%
- Défenseur Raphael Guerreiro
51%
- Attaquant Lorenzo Insigne
50%
Italie 2020 Entraineur Roberto Mancini
50%
- Milieu William Carvalho
50%
Portugal 2016 Entraineur Fernando Santos
38%
- Défenseur Alvaro Arbeloa
35%
- Défenseur Cedric
32%
- Milieu Joao Mario
26%
- Milieu Marcos Senna
24%
- Défenseur Emerson
23%
- Attaquant Angelos Charisteas
21%
Espagne 2008 Entraineur Luis Aragones
14%
- Défenseur Carlos Marchena
9%
- Milieu Theodoros Zagorakis
7%
- Gardien Antónios Nikopolídis
6%
- Défenseur Dani Carjaval
5%
- Milieu Angelos Basinas
3%
- Défenseur Giourkas Seitaridis
3%
- Milieu Kóstas Katsouránis
3%
Grèce 2004 Entraineur Otto Rehhagel
3%
- Défenseur Traianos Dellas
3%
- Défenseur Michalis Kapsis
2%
- Attaquant Zisis Vryzas
2%
- Attaquant Stelios Giannakopoulos
1%
- Défenseur Takis Fyssas
1%
Aucun quiz correspondant
Distribution des résultats
% des personnes avec chaque résultat
Percentile par nombre de réponses
Votre historique - résultats
Vous n’avez pas pris ce quiz